[Event "WYCC Girls U16"]
[Site "Porto Carras"]
[Date "2015.11.01"]
[Round "7.11"]
[White "Olde, Margareth"]
[Black "Bykovtsev, Agata"]
[Result "0-1"]
[BlackElo "2117"]
[WhiteElo "2019"]
[LiveChessVersion "1.4.6"]

1. c4 {[%clk 1:30:57]} Nf6 {[%clk 1:30:57]} 2. g3 {[%clk 1:31:22]} g6
{[%clk 1:31:23]} 3. Bg2 {[%clk 1:31:47]} Bg7 {[%clk 1:31:52]} 4. Nf3
{[%clk 1:32:09]} O-O {[%clk 1:32:13]} 5. O-O {[%clk 1:32:27]} d6 {[%clk 1:32:32]}
6. d4 {[%clk 1:32:38]} c6 {[%clk 1:32:36]} 7. Nc3 {[%clk 1:32:42]} Qa5
{[%clk 1:32:36]} 8. e4 {[%clk 1:32:35]} e5 {[%clk 1:32:37]} 9. h3
{[%clk 1:31:42]} Nbd7 {[%clk 1:32:31]} 10. Re1 {[%clk 1:29:36]} exd4
{[%clk 1:18:33]} 11. Nxd4 {[%clk 1:29:49]} Ne5 {[%clk 1:15:53]} 12. Bf1
{[%clk 1:28:28]} Re8 {[%clk 1:15:23]} 13. Be3 {[%clk 1:19:09]} Be6
{[%clk 1:13:26]} 14. Nxe6 {[%clk 1:17:42]} Rxe6 {[%clk 1:13:54]} 15. f4
{[%clk 1:15:24]} Ned7 {[%clk 1:04:14]} 16. Bg2 {[%clk 1:10:20]} Rae8
{[%clk 0:57:27]} 17. Bf2 {[%clk 1:02:27]} Nb6 {[%clk 0:53:38]} 18. c5
{[%clk 0:45:08]} dxc5 {[%clk 0:51:20]} 19. e5 {[%clk 0:44:17]} Nfd7
{[%clk 0:37:49]} 20. Ne4 {[%clk 0:41:32]} Bf8 {[%clk 0:29:27]} 21. h4
{[%clk 0:30:42]} Qb4 {[%clk 0:24:01]} 22. Re2 {[%clk 0:26:18]} f5
{[%clk 0:18:40]} 23. a3 {[%clk 0:21:14]} Qa5 {[%clk 0:15:20]} 24. Ng5
{[%clk 0:19:22]} R6e7 {[%clk 0:15:37]} 25. Rc1 {[%clk 0:15:19]} h6
{[%clk 0:15:09]} 26. Nh3 {[%clk 0:15:31]} c4 {[%clk 0:13:44]} 27. Rd2
{[%clk 0:13:44]} Rg7 {[%clk 0:11:23]} 28. Kh1 {[%clk 0:08:09]} Nc5
{[%clk 0:10:41]} 29. Bxc5 {[%clk 0:03:08]} Bxc5 {[%clk 0:10:51]} 30. Rd8
{[%clk 0:03:14]} Rxd8 {[%clk 0:10:28]} 31. Qxd8+ {[%clk 0:03:43]} Kh7
{[%clk 0:10:44]} 32. Rd1 {[%clk 0:02:37]} Qa4 {[%clk 0:09:27]} 33. Kh2
{[%clk 0:01:53]} Qb3 {[%clk 0:09:04]} 34. Rd2 {[%clk 0:01:48]} Qe3
{[%clk 0:09:07]} 35. Rc2 {[%clk 0:01:25]} Rd7 {[%clk 0:07:56]} 36. Qe8
{[%clk 0:01:34]} Qd3 {[%clk 0:07:47]} 37. Rc1 {[%clk 0:01:33]} Re7
{[%clk 0:07:47]} 38. Qf8 {[%clk 0:01:29]} Qd7 {[%clk 0:07:53]} 39. Qb8
{[%clk 0:01:07]} Qd2 {[%clk 0:02:02]} 40. Rb1 {[%clk 0:30:40]} a6
{[%clk 0:31:37]} 41. Qf8 {[%clk 0:20:28]} Nd5 {[%clk 0:26:33]} 42. Kh1
{[%clk 0:17:00]} Ne3 {[%clk 0:25:12]} 43. Bf3 {[%clk 0:16:47]} Ng4
{[%clk 0:23:43]} 44. Bxg4 {[%clk 0:14:15]} fxg4 {[%clk 0:23:47]} 45. f5
{[%clk 0:12:02]} Qd5+ {[%clk 0:23:48]} 46. Kh2 {[%clk 0:12:20]} Rg7
{[%clk 0:23:00]} 47. fxg6+ {[%clk 0:10:41]} Rxg6 {[%clk 0:23:23]} 48. Qf1
{[%clk 0:10:05]} gxh3 {[%clk 0:23:23]} 49. Rd1 {[%clk 0:09:27]} Qxe5
{[%clk 0:22:19]} 50. Rd7+ {[%clk 0:09:23]} Rg7 {[%clk 0:22:17]} 51. Rxg7+
{[%clk 0:08:42]} Kxg7 {[%clk 0:22:43]} 52. Qxc4 {[%clk 0:08:37]} Qxb2+
{[%clk 0:23:01]} 53. Kxh3 {[%clk 0:09:00]} Qe5 {[%clk 0:23:09]} 54. Qg4+
{[%clk 0:08:54]} Kf6 {[%clk 0:23:35]} 55. Qd1 {[%clk 0:08:40]} Qd5
{[%clk 0:23:17]} 56. Qc1 {[%clk 0:08:33]} Qf5+ {[%clk 0:22:45]} 57. Kh2
{[%clk 0:08:37]} Kg6 {[%clk 0:22:46]} 58. Qc4 {[%clk 0:08:51]} Bd6
{[%clk 0:21:24]} 59. Qg8+ {[%clk 0:08:33]} Kf6 {[%clk 0:21:53]} 60. Qd8+
{[%clk 0:07:40]} Ke5 {[%clk 0:20:57]} 61. Qe8+ {[%clk 0:07:24]} Kd5
{[%clk 0:21:00]} 62. Qe3 {[%clk 0:07:00]} Bxg3+ {[%clk 0:21:02]} 63. Kg1
{[%clk 0:06:59]} Bf2+ {[%clk 0:21:14]} 0-1

[Event "WYCC Girls U16"]
[Site "Porto Carras"]
[Date "2015.11.01"]
[Round "7.12"]
[White "Yao, Lan"]
[Black "Garcia Martin, Marta"]
[Result "1-0"]
[BlackElo "2113"]
[WhiteElo "2008"]
[LiveChessVersion "1.4.6"]

1. e4 {[%clk 1:30:58]} c5 {[%clk 1:30:51]} 2. Nf3 {[%clk 1:31:21]} e6
{[%clk 1:31:16]} 3. d4 {[%clk 1:31:46]} cxd4 {[%clk 1:31:40]} 4. Nxd4
{[%clk 1:32:10]} Nc6 {[%clk 1:32:01]} 5. Nc3 {[%clk 1:32:32]} Qc7
{[%clk 1:32:26]} 6. Be2 {[%clk 1:32:52]} Nf6 {[%clk 1:32:33]} 7. O-O
{[%clk 1:33:04]} Be7 {[%clk 1:32:49]} 8. Be3 {[%clk 1:33:26]} O-O
{[%clk 1:31:47]} 9. f4 {[%clk 1:33:43]} d6 {[%clk 1:32:10]} 10. Kh1
{[%clk 1:33:46]} Nxd4 {[%clk 1:32:01]} 11. Bxd4 {[%clk 1:34:12]} e5
{[%clk 1:31:51]} 12. Be3 {[%clk 1:34:18]} b6 {[%clk 1:31:48]} 13. Bd3
{[%clk 1:30:26]} Bb7 {[%clk 1:30:49]} 14. Qf3 {[%clk 1:30:27]} Rad8
{[%clk 1:29:29]} 15. Nd5 {[%clk 1:24:46]} Nxd5 {[%clk 1:25:47]} 16. exd5
{[%clk 1:25:13]} exf4 {[%clk 1:12:54]} 17. Qxf4 {[%clk 1:24:29]} g6
{[%clk 0:47:10]} 18. c4 {[%clk 1:18:59]} Rde8 {[%clk 0:43:41]} 19. Bd4
{[%clk 1:17:04]} f5 {[%clk 0:43:00]} 20. Rae1 {[%clk 1:07:31]} Qd8
{[%clk 0:40:01]} 21. Bc2 {[%clk 0:20:03]} Bf6 {[%clk 0:34:23]} 22. Ba4
{[%clk 0:16:13]} Rxe1 {[%clk 0:32:35]} 23. Rxe1 {[%clk 0:16:41]} Bc8
{[%clk 0:32:49]} 24. Bc6 {[%clk 0:12:59]} Bxd4 {[%clk 0:17:06]} 25. Qxd4
{[%clk 0:13:27]} Qf6 {[%clk 0:17:22]} 26. Qxf6 {[%clk 0:10:54]} Rxf6
{[%clk 0:17:48]} 27. Kg1 {[%clk 0:10:24]} Rf8 {[%clk 0:15:31]} 28. Kf2
{[%clk 0:10:22]} Kf7 {[%clk 0:15:10]} 29. Ke3 {[%clk 0:09:35]} Ke7
{[%clk 0:07:00]} 30. Kd4+ {[%clk 0:09:34]} Kd8 {[%clk 0:07:26]} 31. h4
{[%clk 0:03:19]} Bd7 {[%clk 0:05:51]} 32. b4 {[%clk 0:02:22]} Rg8
{[%clk 0:04:02]} 33. Re3 {[%clk 0:01:59]} Rg7 {[%clk 0:03:36]} 34. Ra3
{[%clk 0:01:56]} Bc8 {[%clk 0:03:27]} 35. c5 {[%clk 0:02:00]} Re7
{[%clk 0:01:43]} 36. Kc4 {[%clk 0:00:57]} bxc5 {[%clk 0:01:03]} 37. bxc5
{[%clk 0:01:10]} Re4+ {[%clk 0:00:59]} 38. Kd3 {[%clk 0:00:35]} dxc5
{[%clk 0:00:37]} 39. Rxa7 {[%clk 0:00:58]} Rxh4 {[%clk 0:00:53]} 40. Ke3
{[%clk 0:31:01]} Re4+ {[%clk 0:30:57]} 41. Kf3 {[%clk 0:31:21]} Re7
{[%clk 0:12:42]} 42. Ra8 {[%clk 0:26:51]} Kc7 {[%clk 0:12:48]} 43. d6+
{[%clk 0:26:53]} Kxd6 {[%clk 0:13:15]} 44. Rxc8 {[%clk 0:27:20]} Ra7
{[%clk 0:12:32]} 45. a4 {[%clk 0:27:20]} Ke5 {[%clk 0:12:24]} 46. Ke3
{[%clk 0:27:24]} g5 {[%clk 0:09:54]} 47. Kd3 {[%clk 0:27:33]} h5 {[%clk 0:06:36]}
48. Kc4 {[%clk 0:27:51]} Kd6 {[%clk 0:06:59]} 49. Kb5 {[%clk 0:28:03]} Re7
{[%clk 0:06:27]} 50. Kb6 {[%clk 0:26:56]} 1-0

[Event "WYCC Girls U14"]
[Site "Porto Carras"]
[Date "2015.10.25"]
[Round "1.1"]
[White "Perminaite, Guoda"]
[Black "Vaishali, R."]
[Result "0-1"]
[WhiteElo "1719"]
[BlackElo "2314"]
[PlyCount "137"]
[EventDate "2015.??.??"]
[WhiteClock "0:04:50"]
[BlackClock "0:15:01"]

1. e4 e5 2. Nf3 d6 3. d4 exd4 4. Nxd4 Nf6 5. Nc3 Be7 6. Be2 O-O 7. O-O Re8 8.
Re1 Nbd7 9. Bf1 Bf8 10. f3 c6 11. Kh1 a5 12. a4 h6 13. Bf4 Nc5 14. Bg3 Bd7 15.
Qd2 Qb6 16. b3 Rad8 17. Rad1 Bc8 18. Qc1 Nh5 19. Bf2 Qc7 20. Nce2 d5 21. exd5
Rxd5 22. Ng3 Rde5 23. Rxe5 Rxe5 24. Re1 Rxe1 25. Qxe1 Nf4 26. Ne4 Nxe4 27. Qxe4
Nd5 28. Bg3 Qe7 29. Qxe7 Bxe7 30. Bd3 g6 31. Be1 Nb4 32. g3 Nxd3 33. cxd3 Bf6
34. Bf2 Bd7 35. Kg1 b5 36. axb5 cxb5 37. Kf1 Kf8 38. Ke2 Ke7 39. Ke3 Kd6 40.
Be1 b4 41. Bd2 Kc5 42. Ne2 Be6 43. d4+ Kb5 44. Nc1 Bd5 45. f4 a4 46. bxa4+ Kc4
47. Ne2 Bd8 48. Bc1 Kb3 49. Bd2 Ka3 50. Nc1 b3 51. Nd3 b2 52. Bb4+ Kb3 53. Nxb2
Kxb4 54. Nd1 Ba5 55. Nf2 Kxa4 56. Ng4 h5 57. Nf6 Be6 58. d5 Bf5 59. Kd4 Kb5 60.
d6 Kc6 61. d7 Bxd7 62. Nxd7 Kxd7 63. Ke5 Ke7 64. h3 Bc7+ 65. Ke4 Ke6 66. g4
hxg4 67. hxg4 f5+ 68. Kf3 fxg4+ 69. Kxg4 {Ke5} 0-1

[Event "WYCC Girls U14"]
[Site "Porto Carras"]
[Date "2015.10.25"]
[Round "1.2"]
[White "Kalaiyalahan, Akshaya"]
[Black "Pandey, Ritika"]
[Result "1-0"]
[WhiteElo "2233"]
[BlackElo "1708"]
[PlyCount "71"]
[EventDate "2015.??.??"]
[WhiteClock "0:16:30"]
[BlackClock "0:08:10"]

1. d4 d5 2. Nf3 Nf6 3. c4 e6 4. g3 dxc4 5. Qa4+ Nbd7 6. Bg2 a6 7. Qxc4 Rb8 8.
O-O b5 9. Qc2 Bb7 10. Bf4 Nd5 11. Bd2 c5 12. Bg5 Qb6 13. dxc5 Bxc5 14. e4 Nb4
15. Qe2 O-O 16. Nc3 Rfe8 17. Rad1 Nf8 18. a3 Nc6 19. b4 Be7 20. Be3 Qc7 21. Bf4
e5 22. Nd5 Qd6 23. Be3 Rbd8 24. Bb6 Qb8 25. Bc7 Qc8 26. Bxd8 Bxd8 27. Rc1 Qe6
28. Rfd1 Nd4 29. Nxd4 exd4 30. Qd3 Nd7 31. Qxd4 Qe5 32. Qa7 Qb8 33. Qxb8 Nxb8
34. Nc7 Rf8 35. e5 Bxg2 36. Kxg2 1-0

[Event "WYCC Girls U14"]
[Site "Porto Carras"]
[Date "2015.10.25"]
[Round "1.3"]
[White "Konecny, Sophie"]
[Black "Shuvalova, Polina"]
[Result "0-1"]
[WhiteElo "1702"]
[BlackElo "2171"]
[PlyCount "64"]
[EventDate "2015.??.??"]
[WhiteClock "0:01:02"]
[BlackClock "0:34:58"]

1. e4 e5 2. Nf3 Nc6 3. Bc4 Nf6 4. d3 Be7 5. O-O O-O 6. Re1 d6 7. a4 Kh8 8. h3
Ng8 9. d4 f5 10. dxe5 fxe4 11. Rxe4 Rxf3 12. Qxf3 d5 13. Bxd5 Qxd5 14. Nc3 Qa5
15. Qf4 Be6 16. Bd2 Rf8 17. Qg3 Bb4 18. Rd1 Bf5 19. Re2 Nd4 20. Ree1 Bxc2 21.
Kh1 Bxd1 22. Rxd1 Ne7 23. f3 Ndf5 24. Qf4 Ng6 25. Qc4 Nxe5 26. Qb3 Nd4 27. Qa2
Nexf3 28. gxf3 Qh5 29. Kh2 Nxf3+ 30. Kg2 Nh4+ 31. Kg1 Qg6+ 32. Kh1 Qg2# 0-1

[Event "WYCC Girls U14"]
[Site "Porto Carras"]
[Date "2015.10.25"]
[Round "1.4"]
[White "Antova, Gabriela"]
[Black "Camp, Imogen A L"]
[Result "1-0"]
[WhiteElo "2165"]
[BlackElo "1697"]
[PlyCount "123"]
[EventDate "2015.??.??"]
[WhiteClock "0:50:48"]
[BlackClock "0:32:03"]

1. d4 d5 2. Nf3 Nf6 3. c4 e6 4. Nc3 c6 5. e3 Be7 6. Bd3 O-O 7. O-O dxc4 8. Bxc4
b5 9. Bd3 a6 10. Qe2 Nbd7 11. e4 c5 12. Rd1 cxd4 13. Nxd4 Bc5 14. Nb3 Qc7 15.
Nxc5 Nxc5 16. Bc2 e5 17. Bg5 b4 18. Na4 Nxa4 19. Bxa4 Qb6 20. Kh1 Bb7 21. f3
Rad8 22. Bb3 a5 23. Be3 Qa6 24. Qxa6 Rxd1+ 25. Rxd1 Bxa6 26. Bb6 Rc8 27. Bxa5
Rb8 28. Rd8+ Rxd8 29. Bxd8 Nd7 30. Be7 Nb6 31. Bxb4 Nc4 32. Bc3 f6 33. Kg1 Kf8
34. Kf2 Ke7 35. Bc2 Kd7 36. Ba4+ Kc7 37. b3 Nb6 38. Ba5 Kb7 39. Be8 Nc8 40. Bb4
Kc7 41. Bf8 Nd6 42. Ba4 Nb5 43. Bxb5 Bxb5 44. Bxg7 Kd6 45. Bxf6 Ba6 46. g4 Ke6
47. Bh8 Bb5 48. h4 Be8 49. h5 Kd6 50. Kg3 Kc5 51. Bxe5 Kb4 52. Bb2 Bf7 53. Kf4
h6 54. Kf5 Be8 55. Kf6 Bb5 56. e5 Be2 57. e6 Bxf3 58. e7 Bxg4 59. e8=Q Bxh5 60.
Qe4+ Ka5 61. Qb7 Be8 62. Bc3# 1-0

[Event "WYCC Girls U14"]
[Site "Porto Carras"]
[Date "2015.10.25"]
[Round "1.5"]
[White "Onur, Cigdem"]
[Black "Balajayeva, Khanim"]
[Result "1-0"]
[WhiteElo "1691"]
[BlackElo "2164"]
[PlyCount "101"]
[EventDate "2015.??.??"]
[WhiteClock "0:02:31"]
[BlackClock "0:38:09"]

1. e4 e5 2. Nf3 Nc6 3. d4 exd4 4. Nxd4 Bc5 5. Be3 Qf6 6. c3 Nge7 7. Bc4 O-O 8.
O-O b6 9. f4 d5 10. exd5 Nxd4 11. Bxd4 Bxd4+ 12. Qxd4 Qxd4+ 13. cxd4 Bb7 14.
Nc3 Rfd8 15. Rac1 Nxd5 16. Nxd5 Bxd5 17. Rfd1 Bxc4 18. Rxc4 c5 19. Kf2 Kf8 20.
Ke2 Re8+ 21. Kf2 Re4 22. Kf3 Rae8 23. Rd3 g6 24. b3 Re2 25. dxc5 bxc5 26. a4
Rb2 27. g3 Rxh2 28. Rxc5 Ree2 29. Re3 Rd2 30. Ke4 Rd7 31. Rcc3 f5+ 32. Ke5 Rhd2
33. Kf6 R7d6+ 34. Re6 Rxe6+ 35. Kxe6 Kg7 36. Rc7+ Kh6 37. Rxa7 Rd3 38. b4 Rxg3
39. b5 Rb3 40. Kd6 Kh5 41. Kc7 Kg4 42. b6 h5 43. b7 Rc3+ 44. Kb8 g5 45. fxg5
Kxg5 46. Ka8 Rb3 47. b8=Q Rxb8+ 48. Kxb8 h4 49. Rh7 f4 50. a5 f3 51. a6 1-0

[Event "WYCC Girls U14"]
[Site "Porto Carras"]
[Date "2015.10.25"]
[Round "1.6"]
[White "Radeva, Viktoria"]
[Black "Salimova, Asal"]
[Result "1-0"]
[WhiteElo "2145"]
[BlackElo "1687"]
[PlyCount "87"]
[EventDate "2015.??.??"]
[WhiteClock "0:29:18"]
[BlackClock "0:31:33"]

1. e4 g6 2. d4 Bg7 3. Nc3 d6 4. Be3 Nd7 5. Qd2 c6 6. Nf3 a6 7. Bd3 b5 8. O-O
Bb7 9. Rad1 e6 10. Rfe1 Ne7 11. Bf4 Nb6 12. Bh6 O-O 13. h4 c5 14. Bxg7 Kxg7 15.
dxc5 dxc5 16. Qg5 Qc7 17. e5 Ned5 18. Ne4 c4 19. Bf1 Qe7 20. Qg4 h5 21. Qg3
Rad8 22. Nfg5 Nc8 23. b3 cxb3 24. axb3 Qb4 25. Bd3 Nde7 26. Nf6 Rh8 27. f4 Qc5+
28. Kh2 Qc7 29. Rd2 Nb6 30. Red1 Nbd5 31. Be4 b4 32. f5 Bc8 33. Nxd5 Nxd5 34.
fxe6 Ne7 35. exf7 Rxd2 36. Rxd2 Rd8 37. Rd6 Bd7 38. e6 Bc8 39. Rxd8 Qxd8 40.
Qe5+ Kh6 41. f8=Q+ Qxf8 42. Nf7+ Kh7 43. Qxh5+ Kg7 44. Qh6+ 1-0

[Event "WYCC Girls U14"]
[Site "Porto Carras"]
[Date "2015.10.25"]
[Round "1.7"]
[White "Naran-Erdene, Naranbaatar"]
[Black "Badelka, Olga"]
[Result "0-1"]
[WhiteElo "1686"]
[BlackElo "2145"]
[PlyCount "54"]
[EventDate "2015.??.??"]
[WhiteClock "0:01:05"]
[BlackClock "0:24:29"]

1. e4 c5 2. Nf3 Nc6 3. d4 cxd4 4. Nxd4 Qb6 5. Nb3 Nf6 6. Nc3 e6 7. Bd3 Qc7 8.
Be3 a6 9. O-O Be7 10. f4 d6 11. Qf3 O-O 12. Nd4 Bd7 13. Rae1 b5 14. Nxc6 Bxc6
15. Qh3 g6 16. f5 b4 17. Nd1 Nxe4 18. fxe6 f5 19. Bd4 Rae8 20. Bxa6 Bf6 21.
Bxf6 Rxf6 22. Bd3 Rfxe6 23. Ne3 Qa7 24. Kh1 Nd2 25. Ng4 fxg4 26. Qg3 Nxf1 27.
Rxf1 Qd4 0-1

[Event "WYCC Girls U14"]
[Site "Porto Carras"]
[Date "2015.10.25"]
[Round "1.8"]
[White "Sliwicka, Alicja"]
[Black "Tonso, Liina"]
[Result "1-0"]
[WhiteElo "2129"]
[BlackElo "1684"]
[PlyCount "91"]
[EventDate "2015.??.??"]
[WhiteClock "0:31:18"]
[BlackClock "0:36:51"]

1. e4 c6 2. d4 d5 3. Nc3 b5 4. a3 a6 5. Nf3 Bg4 6. Be2 Bxf3 7. Bxf3 e6 8. O-O
Nf6 9. Re1 Be7 10. Bf4 O-O 11. Qd2 Nbd7 12. e5 Ne8 13. a4 b4 14. Na2 Qb6 15. c4
bxc3 16. bxc3 c5 17. c4 Nc7 18. Rab1 Qa7 19. cxd5 Nxd5 20. Nc3 cxd4 21. Nxd5
exd5 22. Bxd5 Rad8 23. e6 fxe6 24. Rxe6 Qc5 25. Qa2 Nf6 26. Bb3 Kh8 27. Rc1 Qb4
28. Bd2 Qb7 29. f3 Rc8 30. Bc4 Ra8 31. Qc2 Rfc8 32. Qd3 Rc6 33. Rxc6 Qxc6 34.
Bb3 Qb6 35. a5 Qa7 36. Kh1 Rd8 37. Bc4 Ra8 38. Rb1 Bc5 39. Bf4 Nd7 40. Bd5 Re8
41. g3 Nf6 42. Bc6 Rf8 43. Rb7 Qa8 44. Qc4 Ba3 45. Rb3 Qd8 46. Rxa3 1-0

[Event "WYCC Girls U14"]
[Site "Porto Carras"]
[Date "2015.10.25"]
[Round "1.9"]
[White "Konovalenko, Sasha"]
[Black "Goltseva, Ekaterina"]
[Result "0-1"]
[WhiteElo "1670"]
[BlackElo "2114"]
[PlyCount "60"]
[EventDate "2015.??.??"]
[WhiteClock "0:02:22"]
[BlackClock "0:34:09"]

1. e4 e5 2. Nf3 Nc6 3. Bc4 Nf6 4. Ng5 d5 5. exd5 Na5 6. Bb5+ c6 7. dxc6 bxc6 8.
Qf3 Rb8 9. Bd3 Bd6 10. h3 O-O 11. O-O h6 12. Ne4 Nxe4 13. Qxe4 f5 14. Qe3 e4
15. Be2 Qe7 16. Nc3 Rb4 17. d4 g5 18. g3 Qg7 19. Kh2 f4 20. Qxe4 Rxd4 21. Qg2
fxg3+ 22. fxg3 Rh4 23. Rxf8+ Qxf8 24. Ne4 Bxh3 25. Qf2 Bf5+ 26. Kg1 Rxe4 27.
Kg2 Bh3+ 28. Kxh3 Qxf2 29. Bf4 Bxf4 30. gxf4 Rxf4 0-1

[Event "WYCC Girls U14"]
[Site "Porto Carras"]
[Date "2015.10.25"]
[Round "1.10"]
[White "Afonasieva, Anna"]
[Black "Koo, Wei Wei Melanie"]
[Result "1-0"]
[WhiteElo "2093"]
[BlackElo "1653"]
[PlyCount "77"]
[EventDate "2015.??.??"]
[WhiteClock "0:11:35"]
[BlackClock "0:00:48"]

1. d4 g6 2. Nf3 Bg7 3. g3 c5 4. d5 d6 5. Bg2 Nf6 6. O-O O-O 7. Nc3 Nbd7 8. a4
a5 9. e4 Nb6 10. Re1 Ng4 11. h3 Ne5 12. Nxe5 Bxe5 13. Bh6 Re8 14. Qd3 Bd7 15.
Kh2 e6 16. f4 Bg7 17. Bxg7 Kxg7 18. dxe6 Bxe6 19. f5 Bc4 20. Qf3 Re5 21. b3 Ba6
22. Rad1 Qf6 23. fxg6 Qxg6 24. Ne2 Rae8 25. Nf4 Qh6 26. Qc3 c4 27. Qd4 Nc8 28.
bxc4 Kf8 29. Rf1 Qg7 30. Nd5 R8e6 31. Rf2 Rg5 32. Qd3 Reg6 33. Nf4 Rh6 34. h4
Rc5 35. Bh3 Bxc4 36. Qe3 Rc7 37. e5 Qxe5 38. Qd2 Ke7 39. Re1 1-0

[Event "WYCC Girls U14"]
[Site "Porto Carras"]
[Date "2015.10.25"]
[Round "1.11"]
[White "Wang, Constance"]
[Black "Wang, Annie"]
[Result "0-1"]
[WhiteElo "1650"]
[BlackElo "2087"]
[PlyCount "76"]
[EventDate "2015.??.??"]
[WhiteClock "0:08:36"]
[BlackClock "0:10:12"]

1. e4 e6 2. d4 d5 3. e5 c5 4. c3 Nc6 5. Nf3 Qb6 6. a3 c4 7. g3 Na5 8. Nbd2 Bd7
9. h4 Ne7 10. Bh3 Qc7 11. O-O Nc8 12. Ne1 Nb6 13. f4 Be7 14. Qf3 g6 15. Ng2
O-O-O 16. Rb1 h6 17. Qf2 Nb3 18. Bg4 Nxd2 19. Bxd2 Rdg8 20. Qe2 Rg7 21. Kh2 Kb8
22. Rf2 Rgh7 23. Rbf1 a6 24. Bh3 Be8 25. Bg4 g5 26. f5 gxh4 27. Nxh4 exf5 28.
Bxf5 Rg7 29. Bf4 Ka7 30. Bh3 Bxh4 31. gxh4 Qd8 32. h5 Qh4 33. Rg2 Rhg8 34. Rxg7
Rxg7 35. Qf3 Bd7 36. Rc1 Bxh3 37. Qxh3 Qf2+ 38. Kh1 Qxf4 0-1

[Event "WYCC Girls U14"]
[Site "Porto Carras"]
[Date "2015.10.25"]
[Round "1.12"]
[White "Obolentseva, Alexandra"]
[Black "Manova, Ivana"]
[Result "1-0"]
[WhiteElo "2084"]
[BlackElo "1640"]
[PlyCount "149"]
[EventDate "2015.??.??"]
[WhiteClock "0:58:23"]
[BlackClock "0:00:38"]

1. d4 c5 2. d5 Nf6 3. c4 e6 4. Nc3 exd5 5. cxd5 d6 6. e4 g6 7. Nge2 Bg7 8. Ng3
a6 9. a4 Nbd7 10. Be2 Qc7 11. O-O O-O 12. Re1 Rb8 13. Be3 Re8 14. f3 Nf8 15.
Rc1 N6d7 16. Bf2 Qa5 17. Qc2 Nb6 18. b3 Bd7 19. Red1 Nc8 20. Be1 Qd8 21. Nb1 b5
22. a5 b4 23. Qa2 Bb5 24. Nd2 Bxe2 25. Nxe2 Nd7 26. Bg3 Ne5 27. Bxe5 Bxe5 28.
Nc4 Bg7 29. Qd2 Na7 30. Qf4 Nb5 31. Kh1 Qf6 32. Qxf6 Bxf6 33. Rg1 Rbd8 34. g3
Nd4 35. Nxd4 Bxd4 36. Rge1 Kg7 37. Kg2 f6 38. h4 Kf7 39. f4 Kg7 40. Kf3 Re7 41.
h5 Red7 42. Rh1 g5 43. h6+ Kg6 44. Kg4 Re8 45. Rce1 Rxe4 46. Rxe4 f5+ 47. Kf3
g4+ 48. Ke2 fxe4 49. Rh4 Kf5 50. Rh5+ Kg6 51. Rg5+ Kf7 52. Rxg4 Kf8 53. Rg5 e3
54. Rf5+ Ke8 55. Rg5 Kf8 56. Rh5 Kf7 57. Rh3 Kg6 58. g4 Rd8 59. Rh2 Rd7 60. Rh5
Kf7 61. Kf3 Kf8 62. Nxe3 Bxe3 63. Kxe3 Re7+ 64. Kd3 Re1 65. Rf5+ Ke8 66. Rg5
Kf8 67. Rg7 Re7 68. Rxe7 Kxe7 69. g5 Kf8 70. f5 Kf7 71. Ke4 Kf8 72. g6 Kg8 73.
Kd3 Kh8 74. f6 Kg8 75. f7+ 1-0

[Event "WYCC Girls U14"]
[Site "Porto Carras"]
[Date "2015.10.26"]
[Round "2.1"]
[White "Vaishali, R"]
[Black "Liu, Joanna"]
[Result "1-0"]
[BlackElo "1857"]
[WhiteElo "2314"]
[LiveChessVersion "1.4.6"]

1. e4 {[%clk 1:30:16]} c5 {[%clk 1:30:47]} 2. Nf3 {[%clk 1:30:42]} d6
{[%clk 1:31:13]} 3. d4 {[%clk 1:31:06]} cxd4 {[%clk 1:31:39]} 4. Nxd4
{[%clk 1:31:31]} Nf6 {[%clk 1:32:05]} 5. Nc3 {[%clk 1:31:56]} a6 {[%clk 1:32:33]}
6. h3 {[%clk 1:32:20]} e6 {[%clk 1:32:54]} 7. g4 {[%clk 1:32:45]} Nc6
{[%clk 1:31:48]} 8. Bg2 {[%clk 1:32:47]} Qc7 {[%clk 1:30:36]} 9. O-O
{[%clk 1:31:19]} Be7 {[%clk 1:27:25]} 10. Nce2 {[%clk 1:28:10]} O-O
{[%clk 1:21:23]} 11. f4 {[%clk 1:24:08]} d5 {[%clk 1:17:23]} 12. e5
{[%clk 1:18:28]} Ne4 {[%clk 1:16:49]} 13. Be3 {[%clk 1:18:22]} Bd7
{[%clk 1:14:15]} 14. Nxc6 {[%clk 1:07:25]} Bxc6 {[%clk 1:13:35]} 15. a4
{[%clk 1:04:20]} Rac8 {[%clk 1:10:14]} 16. Bd4 {[%clk 1:00:00]} Bc5
{[%clk 1:04:28]} 17. b3 {[%clk 0:45:01]} b5 {[%clk 1:00:39]} 18. Bxc5
{[%clk 0:36:51]} Nxc5 {[%clk 1:00:58]} 19. Qd4 {[%clk 0:36:58]} Nd7
{[%clk 0:53:32]} 20. a5 {[%clk 0:25:38]} b4 {[%clk 0:46:09]} 21. Qxb4
{[%clk 0:18:41]} Bb5 {[%clk 0:46:25]} 22. Rf2 {[%clk 0:18:57]} Qxc2
{[%clk 0:44:17]} 23. Nd4 {[%clk 0:19:17]} Qc5 {[%clk 0:43:20]} 24. Qxc5
{[%clk 0:17:58]} Rxc5 {[%clk 0:38:00]} 25. b4 {[%clk 0:15:49]} Rc7
{[%clk 0:32:08]} 26. Nxb5 {[%clk 0:09:20]} axb5 {[%clk 0:32:31]} 27. Bf1
{[%clk 0:09:46]} Rb8 {[%clk 0:31:00]} 28. a6 {[%clk 0:07:14]} Nb6
{[%clk 0:24:28]} 29. Bxb5 {[%clk 0:03:25]} Nc8 {[%clk 0:23:41]} 30. Bf1
{[%clk 0:02:39]} Rxb4 {[%clk 0:23:36]} 31. Raa2 {[%clk 0:01:39]} Rb8
{[%clk 0:10:02]} 32. Rab2 {[%clk 0:01:19]} Ra8 {[%clk 0:05:29]} 33. Rb7
{[%clk 0:00:55]} Rc1 {[%clk 0:05:46]} 34. Ra2 {[%clk 0:00:44]} Na7
{[%clk 0:05:27]} 35. Rab2 {[%clk 0:00:47]} Nc6 {[%clk 0:03:33]} 36. a7
{[%clk 0:00:39]} g6 {[%clk 0:00:44]} 37. Rb8+ {[%clk 0:01:03]} Nxb8
{[%clk 0:01:02]} 38. axb8=Q+ {[%clk 0:01:25]} Rxb8 {[%clk 0:01:26]} 39. Rxb8+
{[%clk 0:01:51]} Kg7 {[%clk 0:01:54]} 40. Kf2 {[%clk 0:31:52]} Rc2+
{[%clk 0:31:16]} 41. Be2 {[%clk 0:31:48]} Ra2 {[%clk 0:30:58]} 42. Rb3
{[%clk 0:30:01]} h6 {[%clk 0:30:38]} 43. Kf3 {[%clk 0:29:54]} Ra4
{[%clk 0:30:22]} 44. Bd3 {[%clk 0:28:23]} Rd4 {[%clk 0:29:38]} 45. Ke3
{[%clk 0:28:11]} Ra4 {[%clk 0:29:58]} 46. Rb7 {[%clk 0:28:34]} Ra3
{[%clk 0:29:52]} 47. f5 {[%clk 0:26:44]} gxf5 {[%clk 0:29:09]} 48. gxf5
{[%clk 0:27:12]} Kf8 {[%clk 0:25:53]} 49. Rb8+ {[%clk 0:26:42]} Ke7
{[%clk 0:26:06]} 50. f6+ {[%clk 0:27:05]} Kd7 {[%clk 0:26:23]} 51. Rf8
{[%clk 0:27:28]} d4+ {[%clk 0:26:33]} 52. Kxd4 {[%clk 0:27:49]} Ra4+
{[%clk 0:26:57]} 53. Kc5 {[%clk 0:28:09]} 1-0